000 00437nam a2200157 a 4500
005 20140412111327.0
008 101230s19uu xx 00 eng d
050 _aTR(GS 428.4
_bC793kid 2004
100 _aTrent, Jennifer Cooper
245 _aThe Kid and a pig /
_cJennifer Cooper Trent.
260 _aPhils :
_bMomentum multimedia,
_c2000.
300 _aunp.
440 _aFan- tas-tic Phonics
650 _aPhonics
999 _c104744
_d104744